| 000 | 01075pam a2200277 a 4500 | ||
|---|---|---|---|
| 001 | 2995412 | ||
| 003 | NUST-PNEC | ||
| 005 | 20170116180742.0 | ||
| 008 | 930330s1994 nju b 001 0 eng | ||
| 010 | _a 93007987 | ||
| 020 | _a0132906449 | ||
| 040 | _cPNEC | ||
| 050 | 0 | 0 |
_aU22 _b.C528 1994 |
| 082 | 0 | 0 |
_a172.42 CHR _220 |
| 100 | 1 |
_aChristopher, Paul, _d1948 |
|
| 245 | 1 | 4 |
_aThe ethics of war and peace : an introduction to legal and moral issues _cPaul Christopher. |
| 260 |
_aEnglewood Cliffs, N.J. : _bPrentice Hall, _cc1994. |
||
| 300 |
_axii, 244 p. ; _c23 cm. |
||
| 500 | _aIncludes index. | ||
| 504 | _aIncludes bibliographical references (p. 231-237). | ||
| 650 | 0 |
_aWar _xMoral and ethical aspects. |
|
| 856 | _uhttp://www.amazon.com/Ethics-War-Peace-Introduction-Issues/dp/0132906449/ref=sr_1_1?s=books&ie=UTF8&qid=1420526717&sr=1-1&keywords=0132906449 | ||
| 906 |
_a7 _bcbc _corignew _d1 _eocip _f19 _gy-gencatlg |
||
| 942 |
_2ddc _cBK |
||
| 999 |
_c62223 _d62223 |
||